000 00312nam a22001337a 4500
008 170615b xxu||||| |||| 00| 0 eng d
020 _a9780415004763
041 _aeng
080 _a94
100 _a18
101 _aSHP
245 _aTHE IARNIAN MILITARY REVOLUTION AND WAR
_cZABIH.S
942 _2udc
_cBK
999 _c17645
_d17645